Statistics for Top 10 richest people

Click here to take the quiz!

General Stats

  • This quiz has been taken 9 times
  • The average score is 4 of 10

Answer Stats

money in billionsAnswer% Correct
132Bill Gates
100%
185Elon Musk
100%
184Jeff Bezos
75%
110Mark Zuckerberg
38%
87,2Warren Buffet
38%
113Bernard Arnault
13%
78,6Larry Ellison
13%
81Larry Page
13%
78,9Sergey brin
0%
91Zhong Shanshan
0%

Score Distribution

Percentile by Number Answered

Percent of People with Each Score

Your Score History

You have not taken this quiz